000 00791nam a22002657a 4500
001 029
003 DO-SdBNP
005 20180221150529.0
007 029
008 151005b dr 1990 00| 0 spa d
040 _aBPMSU
_bspa
_cBPMSU
100 1 _aDavid, León
245 1 0 _aArtes plásticas dominicanas /
_cLeón David ; ilustraciones Leonardo Alvarado, Ochi
260 _aSanto Domingo :
_bFundacion García Arévalo,
_c1990.
_fAmigo del hogar
300 _a[88] p. :
_bil. ;
_c28 cm.
490 _aLibros para colorear
_v3
500 _aLibro para colorear y bibliografíco
700 1 2 _aAlvarado, Leonardo
_eil.
700 1 2 _aOchi
_eil.
830 0 _aLibros para colorear
_n3
910 _a202
942 _2ddc
_cBK
945 _aInventariado, 2018 /LP
956 _aYngrid Lockward
_b10
_hBPMSU
999 _c8323
_d8323